[Event "OBEM 2015"]
[Site "Germany , Bremen"]
[Date "2015.03.31"]
[Round "5.44"]
[White "Krueger, Gerhard"]
[Black "Schoenfeld, Fynn"]
[Result "1-0"]
[WhiteElo "1398"]
[BlackElo "883"]
[PlyCount "105"]

1. e4 e5 2. Nf3 Nc6 3. Bb5 Bc5 4. c3 Nf6 5. d3 Ng4 6. O-O O-O 7. h3 Nf6 8. Re1
a6 9. Ba4 b5 10. Bb3 d6 11. d4 exd4 12. cxd4 Bb4 13. Nc3 Nd7 14. Bg5 Qe8 15.
Qd3 h6 16. Bh4 Bb7 17. Bc2 g6 18. a3 Ba5 19. b4 Bb6 20. Nd5 a5 21. Nxb6 cxb6
22. Qd2 Kg7 23. Bd3 Ba6 24. Bg3 Qe7 25. e5 dxe5 26. dxe5 axb4 27. axb4 Nxb4 28.
Be4 Rad8 29. Qc3 Rc8 30. Qa3 Rfe8 31. Qb2 Rc4 32. Nd2 Rcc8 33. f4 f5 34. exf6+
Qxf6 35. Qxb4 Qc3 36. Qxc3+ Rxc3 37. Bf3 Rxe1+ 38. Rxe1 Bc8 39. Ne4 Rc7 40. Nd6
Nf6 41. Nxc8 Rxc8 42. Bf2 Rb8 43. Rb1 Nd7 44. Rxb5 g5 45. fxg5 hxg5 46. Rxg5+
Kf6 47. Rb5 Ne5 48. Rxb6+ Rxb6 49. Bxb6 Nxf3+ 50. gxf3 Kg5 51. Kg2 Kf4 52. Bc7+
Kg5 53. Kg3 1-0

[Event "OBEM 2015"]
[Site "Germany , Bremen"]
[Date "2015.03.31"]
[Round "5.37"]
[White "Holtermann, Klaas"]
[Black "Hoose, Hannelore"]
[Result "1/2-1/2"]
[WhiteElo "1507"]
[BlackElo "1709"]
[PlyCount "93"]

1. e4 e6 2. d4 d5 3. Nc3 Bb4 4. e5 c5 5. a3 cxd4 6. axb4 dxc3 7. bxc3 Qc7 8.
Qd4 Ne7 9. Bb5+ Kf8 10. f4 Nbc6 11. Qd3 a6 12. Ne2 Rb8 13. Bxc6 Nxc6 14. Ba3
Kg8 15. b5 axb5 16. Bd6 Qb6 17. Bxb8 Nxb8 18. Ra8 Qc7 19. Qxb5 g6 20. Qa5 Qxa5
21. Rxa5 Kg7 22. Ra8 Na6 23. Nd4 Nc5 24. Nb5 Bd7 25. Rxh8 Kxh8 26. Nd6 Kg7 27.
Kd2 Ne4+ 28. Nxe4 dxe4 29. Ke3 Bc6 30. Rd1 h6 31. Rd6 h5 32. h3 Kf8 33. g4 hxg4
34. hxg4 Ke7 35. c4 Ke8 36. Rxc6 bxc6 37. Kxe4 c5 38. f5 gxf5+ 39. gxf5 Kf8 40.
f6 Kg8 41. Kf4 Kh7 42. Kg5 Kg8 43. Kf4 Kf8 44. Ke3 Ke8 45. Kd3 Kd7 46. Kc3 Kc6
47. Kb3 1/2-1/2

[Event "OBEM 2015"]
[Site "Germany , Bremen"]
[Date "2015.03.31"]
[Round "5.20"]
[White "Ungar, Benedict"]
[Black "Peters, Frank"]
[Result "0-1"]
[WhiteElo "1749"]
[BlackElo "2109"]
[PlyCount "68"]

1. Nf3 g6 2. g3 Bg7 3. Bg2 d6 4. d3 e5 5. c3 Nc6 6. O-O Nf6 7. Nbd2 O-O 8. e4
h6 9. h3 Be6 10. Nh2 Qd7 11. h4 Ne8 12. Nb3 Kh7 13. f4 f5 14. h5 gxh5 15. Qxh5
Nf6 16. Qd1 fxe4 17. dxe4 Rg8 18. f5 Bc4 19. Re1 a5 20. Nf3 Bf8 21. Nbd2 Ba6
22. Nf1 Bxf1 23. Kxf1 Rxg3 24. Kf2 Qg7 25. Nh4 Be7 26. Ng6 Rxg6 27. fxg6+ Qxg6
28. Bf3 Rf8 29. Ke3 d5 30. Kd3 dxe4+ 31. Bxe4 Nxe4 32. Kc4 Qe6+ 33. Kb5 Nd4+
34. cxd4 Qc6+ 0-1

[Event "OBEM 2015"]
[Site "Germany , Bremen"]
[Date "2015.03.31"]
[Round "5.17"]
[White "Boehning, Kilian"]
[Black "Dehning-Busse, Karsten"]
[Result "1-0"]
[WhiteElo "1914"]
[BlackElo "1796"]
[PlyCount "101"]

1. d4 d6 2. e4 Nf6 3. Nc3 g6 4. f3 Bg7 5. Be3 c6 6. Qd2 Qa5 7. Bc4 b5 8. Bb3
Nbd7 9. Nge2 Nb6 10. Bh6 Bxh6 11. Qxh6 b4 12. Nd1 Ba6 13. Qd2 c5 14. c3 bxc3
15. Nexc3 Rc8 16. Ne3 cxd4 17. Qxd4 Qc5 18. Rd1 Qxd4 19. Rxd4 O-O 20. Kf2 Kg7
21. Rhd1 Nfd7 22. Ncd5 Rfe8 23. Nxb6 Nxb6 24. Nd5 Nxd5 25. Rxd5 Bc4 26. Bxc4
Rxc4 27. R1d2 Rec8 28. Rb5 Rc2 29. Ke2 Rxd2+ 30. Kxd2 Rc7 31. a4 f6 32. a5 Kf7
33. Rb8 d5 34. exd5 Rc5 35. b4 Rxd5+ 36. Kc3 Rd7 37. b5 Ke6 38. Rc8 Kd5 39. Kb4
e5 40. b6 axb6 41. axb6 Ke6 42. Kb5 Rd2 43. b7 Rxg2 44. Rc4 Rxh2 45. b8=Q Rb2+
46. Rb4 Rxb4+ 47. Kxb4 Kf5 48. Qc8+ Kf4 49. Qg4+ Ke3 50. Qe4+ Kf2 51. f4 1-0

[Event "OBEM 2015"]
[Site "Germany , Bremen"]
[Date "2015.03.31"]
[Round "5.16"]
[White "Wessels, Stefan"]
[Black "Boehm, Karl"]
[Result "1-0"]
[WhiteElo "1938"]
[BlackElo "1859"]
[PlyCount "59"]

1. e4 c5 2. Nf3 d6 3. d4 cxd4 4. Nxd4 Nf6 5. Nc3 g6 6. Be3 Bg7 7. f3 Nc6 8. Bc4
Bd7 9. Qd2 a6 10. Nd5 b5 11. Bb3 Na5 12. c3 Nxb3 13. Nxb3 Nxd5 14. exd5 O-O 15.
O-O h5 16. Rfe1 Rc8 17. Kh1 Rc4 18. Re2 Re8 19. Rae1 a5 20. Nd4 e5 21. dxe6
fxe6 22. Bg5 Bf6 23. Nxe6 Bxe6 24. Rxe6 Rxe6 25. Rxe6 Bxg5 26. Rxg6+ Kf8 27.
Rxg5 Qe7 28. Rxh5 Rc5 29. Rh8+ Kg7 30. Qh6+ 1-0

[Event "OBEM 2015"]
[Site "Germany , Bremen"]
[Date "2015.03.31"]
[Round "5.30"]
[White "Wuttke, Manfred"]
[Black "Scheidt, Mike Niklas"]
[Result "1-0"]
[WhiteElo "1802"]
[BlackElo "1363"]
[PlyCount "63"]

1. d4 d5 2. c4 e6 3. Nc3 Bb4 4. Nf3 c6 5. e3 Nf6 6. a3 Bxc3+ 7. bxc3 Ne4 8. Bd3
Nf6 9. O-O Nbd7 10. Re1 O-O 11. Nd2 Qa5 12. Qc2 e5 13. Nb3 Qc7 14. f3 Re8 15.
e4 Nb6 16. c5 Nbd7 17. Bg5 b6 18. cxb6 axb6 19. exd5 cxd5 20. Bb5 Qd6 21. a4
Ra7 22. Bh4 Ba6 23. Bg3 Bxb5 24. dxe5 Nxe5 25. axb5 Rxa1 26. Rxa1 Nfd7 27. Re1
Re7 28. Qe2 Kf8 29. Nd4 f6 30. Nf5 Nxf3+ 31. Kh1 Rxe2 32. Bxd6+ 1-0

[Event "OBEM 2015"]
[Site "Germany , Bremen"]
[Date "2015.03.31"]
[Round "5.19"]
[White "Kuenitz, Bernhard"]
[Black "Laubrock, Paul"]
[Result "1/2-1/2"]
[WhiteElo "1900"]
[BlackElo "1793"]
[PlyCount "72"]

1. c4 e5 2. Nc3 Nc6 3. g3 d6 4. Bg2 Be6 5. d3 Qd7 6. a3 g6 7. b4 Bg7 8. e4 Nge7
9. Nge2 Bh3 10. O-O h5 11. f3 Bxg2 12. Kxg2 h4 13. g4 f5 14. h3 f4 15. Qa4 Nd4
16. Qxd7+ Kxd7 17. Nxd4 exd4 18. Ne2 g5 19. Bb2 c5 20. Nc1 Nc6 21. b5 {(=)} Ne5
22. Kf2 a6 23. bxa6 bxa6 24. Rd1 Rhb8 25. Rd2 Rb7 26. Ke2 Rab8 27. Ra2 Bf6 28.
Rc2 Bd8 29. Ba1 Ba5 30. Rab2 Rxb2 31. Rxb2 Rxb2+ 32. Bxb2 Ke6 33. Na2 Nc6 34.
Bc1 Ne5 35. Bb2 Nc6 36. Bc1 Ne5 1/2-1/2

[Event "OBEM 2015"]
[Site "Germany , Bremen"]
[Date "2015.03.31"]
[Round "5.9"]
[White "Stieglitz, Dirk"]
[Black "Webner, Dennis"]
[Result "1-0"]
[WhiteElo "2055"]
[BlackElo "2073"]
[PlyCount "87"]

1. d4 e6 2. c4 f5 3. g3 Nf6 4. Bg2 Be7 5. Nf3 d6 6. O-O O-O 7. Nc3 Qe8 8. Re1
Qg6 9. e4 Nxe4 10. Nxe4 fxe4 11. Rxe4 Nc6 12. Re2 e5 13. dxe5 Bg4 14. exd6 Bxd6
15. Qd5+ Kh8 16. Nh4 Qf6 17. Bg5 Qd4 18. Qxd4 Nxd4 19. Re4 Nf3+ 20. Nxf3 Bxf3
21. Bxf3 Rxf3 22. Be3 Rf7 23. Rd1 b6 24. Rd5 Kg8 25. Kg2 Kf8 26. b3 Re8 27.
Rxe8+ Kxe8 28. c5 Be7 29. a4 Bf6 30. f4 Re7 31. Kf3 Kf7 32. cxb6 cxb6 33. a5
Rc7 34. axb6 axb6 35. Rb5 Rc3 36. Ke4 Rc2 37. h4 Bd8 38. Bxb6 Bxb6 39. Rxb6 Rc3
40. g4 Rg3 41. Rb7+ Kf8 42. Kf5 g6+ 43. Kf6 Rxg4 44. Rb8# 1-0

[Event "OBEM 2015"]
[Site "Germany , Bremen"]
[Date "2015.03.31"]
[Round "5.34"]
[White "Quass, Michael"]
[Black "Buchloh, Falk"]
[Result "0-1"]
[WhiteElo "1779"]
[BlackElo "1497"]
[PlyCount "68"]

1. c4 e5 2. Nc3 d6 3. g3 c5 4. Bg2 Nc6 5. e3 Be6 6. Nge2 Bxc4 7. Qa4 d5 8. e4
a6 9. exd5 b5 10. Qc2 Nb4 11. Qe4 Bd6 12. O-O Nf6 13. Qh4 Ra7 14. a4 Nbxd5 15.
axb5 Nxc3 16. Bc6+ Kf8 17. Qxc4 axb5 18. Qxc3 Rxa1 19. Bxb5 Qa5 20. Qd3 Qb6 21.
Nc3 Ra7 22. Bc4 h5 23. b3 h4 24. Bb2 hxg3 25. hxg3 Qb8 26. Nd5 e4 27. Qc3 Qc8
28. Nxf6 Qh3 29. Nh5 Rxh5 30. Qxg7+ Ke8 31. Qg8+ Bf8 32. Bb5+ Rd7 33. Bxd7+
Kxd7 34. Qxf7+ Be7 0-1

[Event "OBEM 2015"]
[Site "Germany , Bremen"]
[Date "2015.03.31"]
[Round "5.31"]
[White "Petrov, Iouri"]
[Black "Bruening, Martin"]
[Result "1/2-1/2"]
[WhiteElo "1585"]
[BlackElo "1778"]
[PlyCount "50"]

1. e4 c6 2. d4 d5 3. Nc3 dxe4 4. Nxe4 Nd7 5. c3 Ngf6 6. Nxf6+ Nxf6 7. Nf3 e6 8.
Be2 Qc7 9. O-O Be7 10. Re1 O-O 11. Ne5 b6 12. Bf4 Bd6 13. c4 Bb7 14. Bf3 Rfd8
15. Qa4 c5 16. dxc5 Bxc5 17. Nd3 Bd6 18. Bxb7 Qxb7 19. Bxd6 Rxd6 20. Red1 Rad8
21. Ne5 h6 22. Rxd6 Rxd6 23. Rd1 Qc7 24. Rxd6 Qxd6 25. Nf3 Kf8 1/2-1/2

[Event "OBEM 2015"]
[Site "Germany , Bremen"]
[Date "2015.03.31"]
[Round "5.5"]
[White "Lai Hop, Duong"]
[Black "Meyer, Irmin"]
[Result "1-0"]
[WhiteElo "2142"]
[BlackElo "1997"]
[PlyCount "45"]

1. d4 d5 2. Bf4 Nf6 3. e3 e6 4. Nd2 Bd6 5. Bg3 c5 6. c3 Nc6 7. Ngf3 O-O 8. Bd3
b6 9. Ne5 Bb7 10. f4 Ne7 11. Qf3 Nd7 12. Bh4 f6 13. Qh3 f5 14. g4 cxd4 15. cxd4
g6 16. gxf5 exf5 17. Rg1 Nxe5 18. fxe5 Bb4 19. O-O-O Qd7 20. Nf3 Nc6 21. Bf6
Rac8 22. Kb1 Rxf6 23. exf6 1-0

[Event "OBEM 2015"]
[Site "Germany , Bremen"]
[Date "2015.03.31"]
[Round "5.11"]
[White "Sausmikat, Armin"]
[Black "Haerig, Wilfried"]
[Result "1/2-1/2"]
[WhiteElo "1893"]
[BlackElo "2045"]
[PlyCount "84"]

1. e4 e5 2. Nf3 Nf6 3. Nxe5 Nxe4 4. Qe2 Qe7 5. Qxe4 d6 6. d4 dxe5 7. dxe5 Nc6
8. Bb5 Bd7 9. Bf4 O-O-O 10. O-O g5 11. Bxc6 Bxc6 12. Qf5+ Kb8 13. Bd2 Rd5 14.
Bc3 Bg7 15. Re1 Re8 16. Na3 Bxe5 17. Bxe5 Rxe5 18. Rxe5 {(=)} Qxe5 19. Qxe5
Rxe5 20. Nc4 Re2 21. Rd1 Re8 {(=)} 22. Ne3 Kc8 23. Kf1 Rd8 24. Rxd8+ Kxd8 25.
f3 Kd7 26. Ke2 Ke6 27. c3 f5 {(=)} 28. g3 h5 29. f4 g4 30. Nc2 Bb5+ 31. Ke3 c5
32. Na3 a6 33. c4 Bc6 34. Kd2 Be4 35. Kc3 Kd6 36. Nc2 Bxc2 37. Kxc2 Kc6 38. Kc3
Kd6 39. a4 a5 {(=)} 40. Kd3 Kc6 41. Kc3 Kd6 42. Kd3 Kc6 1/2-1/2

[Event "OBEM 2015"]
[Site "Germany , Bremen"]
[Date "2015.03.31"]
[Round "5.23"]
[White "Norbach, Alexander"]
[Black "Zimmermann, Erik"]
[Result "1-0"]
[WhiteElo "1928"]
[BlackElo "1655"]
[PlyCount "49"]

1. d4 b6 2. e4 Bb7 3. Bd3 e6 4. c4 d6 5. Nf3 Nd7 6. O-O Be7 7. Re1 e5 8. Nc3
Ngf6 9. h3 O-O 10. d5 Nh5 11. Bf1 f5 12. exf5 Rxf5 13. g4 Rxf3 14. Qxf3 Nhf6
15. Bd3 Nf8 16. Bd2 Kh8 17. g5 Ng8 18. Qg3 Bc8 19. f4 exf4 20. Bxf4 Qd7 21. Re3
c6 22. Rae1 cxd5 23. Nxd5 Bd8 24. Bxd6 Bb7 25. Bxf8 1-0

[Event "OBEM 2015"]
[Site "Germany , Bremen"]
[Date "2015.03.31"]
[Round "5.35"]
[White "Goes, Carsten"]
[Black "Torkler, Wolfgang"]
[Result "1-0"]
[WhiteElo "1761"]
[BlackElo "1399"]
[PlyCount "65"]

1. e4 c5 2. d4 cxd4 3. c3 dxc3 4. Nxc3 g6 5. Nf3 Bg7 6. Bc4 Bxc3+ 7. bxc3 Qc7
8. Qe2 e6 9. O-O Nc6 10. Rd1 b6 11. a4 Bb7 12. Ba3 Nge7 13. Bd6 Qd8 14. Rd2 Na5
15. Ba2 Qc8 16. Rad1 Bc6 17. Rd4 Nb7 18. Be5 O-O 19. Bf6 Re8 20. Qe3 Bxe4 21.
Qxe4 Nc5 22. Qf4 Nf5 23. g4 e5 24. Nxe5 Ne6 25. Bxe6 Rxe6 26. gxf5 Rxf6 27. Ng4
Rxf5 28. Nh6+ Kf8 29. Qd6+ Kg7 30. Nxf5+ gxf5 31. R1d3 Qe8 32. Rg3+ Kh8 33.
Qf6# 1-0

[Event "OBEM 2015"]
[Site "Germany , Bremen"]
[Date "2015.03.31"]
[Round "5.36"]
[White "Schwenke, Stefan"]
[Black "Volk, Robin"]
[Result "0-1"]
[WhiteElo "1742"]
[BlackElo "1285"]
[PlyCount "60"]

1. e4 c5 2. g3 Nc6 3. Bg2 e6 4. c3 Nf6 5. Ne2 Be7 6. b3 O-O 7. Bb2 d5 8. exd5
exd5 9. d4 Bg4 10. f3 Bf5 11. g4 Bg6 12. O-O Bd6 13. Qd2 Qc7 14. h3 Rfe8 15.
Na3 a6 16. Rfe1 Re6 17. c4 Rae8 18. cxd5 Nxd5 19. Nc4 Bg3 20. Nxg3 Qxg3 21.
Rxe6 Rxe6 22. dxc5 h6 23. Qf2 Qc7 24. Rd1 Nf4 25. Re1 Nd3 26. Rxe6 Nxf2 27.
Re8+ Kh7 28. Kxf2 f6 29. Nd6 Bxe8 30. Nxe8 Qa5 0-1

[Event "OBEM 2015"]
[Site "Germany , Bremen"]
[Date "2015.03.31"]
[Round "5.40"]
[White "Jantzen, Ludwig"]
[Black "Zijlstra, Berend"]
[Result "1-0"]
[WhiteElo "1965"]
[BlackElo "1319"]
[PlyCount "63"]

1. d4 d5 2. c4 e6 3. cxd5 exd5 4. Nc3 Nf6 5. Bg5 Be7 6. e3 Nbd7 7. Bd3 c6 8.
Qc2 g6 9. Nf3 Nf8 10. O-O h6 11. Bf4 Bd6 12. Bxd6 Qxd6 13. e4 Ng8 14. exd5 Bd7
15. Rfe1+ Kd8 16. Ne5 Rh7 17. dxc6 bxc6 18. Nxd7 Nxd7 19. Rad1 f5 20. d5 Ne7
21. Re6 Qc5 22. d6 Nd5 23. Nxd5 Qxd5 24. Bc4 Qc5 25. Qe2 Rh8 26. Re1 Ne5 27.
Rxe5 Qxd6 28. Rd1 Qxd1+ 29. Qxd1+ Kc7 30. Re7+ Kb6 31. Qd4+ Ka5 32. Re5+ 1-0

[Event "OBEM 2015"]
[Site "Germany , Bremen"]
[Date "2015.03.31"]
[Round "5.42"]
[White "Fasmers, Ralf"]
[Black "Maul, Maik"]
[Result "1-0"]
[WhiteElo "1787"]
[BlackElo "1000"]
[PlyCount "61"]

1. e4 d5 2. e5 f6 3. d4 Nc6 4. Bb5 Qd7 5. Nc3 a6 6. Bd3 fxe5 7. dxe5 Nxe5 8.
Qh5+ Nf7 9. Nxd5 g6 10. Qf3 Ne5 11. Qe4 Nc6 12. Nf3 Qd8 13. Bd2 Bf5 14. Qc4 Bg7
15. Ne3 Bxd3 16. cxd3 Bxb2 17. Rb1 Bd4 18. Ng5 Nh6 19. O-O Bxe3 20. fxe3 Ne5
21. Qc3 Qd5 22. e4 Qd6 23. Bf4 O-O 24. Bxe5 Rxf1+ 25. Rxf1 Qb6+ 26. Kh1 Ng4 27.
Bd4 Qb5 28. Bh8 e5 29. Qxc7 Nf2+ 30. Kg1 Kxh8 31. Qxh7# 1-0

[Event "OBEM 2015"]
[Site "Germany , Bremen"]
[Date "2015.03.31"]
[Round "5.45"]
[White "Scheunemann, Daniel"]
[Black "Mayland, Jannis"]
[Result "1-0"]
[WhiteElo "1361"]
[BlackElo "822"]
[PlyCount "65"]

1. d4 d5 2. c4 c6 3. Nc3 Nf6 4. Nf3 Bg4 5. e3 e6 6. h3 Bxf3 7. Qxf3 Bb4 8. Bd3
Bxc3+ 9. bxc3 Nbd7 10. O-O Qa5 11. Bd2 O-O-O 12. e4 Nb6 13. c5 Nbd7 14. e5 Ne8
15. Qxf7 Nf8 16. Rfb1 Qc7 17. Qh5 g6 18. Qg4 h5 19. Qg3 Qf7 20. Rb3 h4 21. Qg4
Nd7 22. Bg5 Ng7 23. Bxd8 Kxd8 24. Rxb7 Nf5 25. Rxa7 Ke7 26. Qg5+ Kf8 27. Rb1
Ne7 28. Rxd7 Rh5 29. Rb8+ Kg7 30. Qxe7 Qxe7 31. Rxe7+ Kh6 32. f4 g5 33. Rh8#
1-0

[Event "OBEM 2015"]
[Site "Germany , Bremen"]
[Date "2015.03.31"]
[Round "5.46"]
[White "Vaske, Philipp"]
[Black "Seliskar, Henryk"]
[Result "0-1"]
[WhiteElo "947"]
[BlackElo "1343"]
[PlyCount "58"]

1. e4 c5 2. Nc3 Nc6 3. d3 Nf6 4. Nf3 g6 5. Be3 e6 6. d4 cxd4 7. Nxd4 Bg7 8.
Nxc6 bxc6 9. Bd4 O-O 10. Bc5 Re8 11. Be2 d5 12. exd5 cxd5 13. O-O a5 14. Qd2
Bd7 15. Rab1 Qc7 16. Bd4 e5 17. Be3 d4 18. Nb5 Bxb5 19. Bxb5 dxe3 20. Qxe3 Red8
21. c4 e4 22. a4 Ng4 23. Qh3 Qf4 24. f3 Qe3+ 25. Kh1 Nf2+ 26. Rxf2 Qxf2 27.
fxe4 Qe2 28. Qb3 Rd2 29. Qh3 Rd1+ 0-1